Multiple Choice City Quiz – San Diego - Statistics

General Stats
  • This quiz has been taken 206 times
  • The average score is 6 of 10
Answer Stats
Question Answer % Correct
What famous skateboarder was born in San Diego? Tony Hawk
91%
What Mexican city is directly across the border from San Diego? Tijuana
89%
What is the name of San Diego’s Major League Baseball team? Padres
80%
Which of these tourist attractions does San Diego not have? Universal Studios
76%
What historic district in downtown San Diego is known for its nightlife? Gaslamp Quarter
57%
In what neighborhood is the University of California, San Diego located? La Jolla
57%
San Diego is home to which famous naval museum? USS Midway
53%
Which explorer claimed the San Diego area for Spain in 1542? Juan Rodríguez Cabrillo
46%
Along with Coronado, what other peninsula defines San Diego Bay? Point Loma
40%
Who is San Diego named for? Didacus of Alcalá
16%
No matching quizzes found
Score Distribution
Percent of People with Each Score
Percentile by Number Answered
Your Score History
You have not taken this quiz